| 000 | 01227nim a2200313 i 4500 | ||
|---|---|---|---|
| 001 | bg | ||
| 100 | 1 | _aOTTO, Barbara. | |
| 245 | 1 | 0 |
_aHere is the news. _nP. 1 / _cBarbara & Marcin Otto ; w nagraniu udził wzięli John Anderson, Yvonne Kukiello, Steve Lee. |
| 260 |
_aWarszawa : _bWydawnictwa Szkolne i Pedagogiczne, _c1995. |
||
| 300 |
_a3 kasety dźw. ; _cW 87-W 89. |
||
| 500 | _aKaseta 1: strona A: news items 1-11 (25,40 min.); strona B: new items 12-21 (23,20 min.). | ||
| 500 | _aKaseta 2: strona A: news items 22-33 (29 min.); strona B: new items 34-46 (30 min.). | ||
| 500 | _aKaseta 3: strona A: news items 47-59 (28 min.); strona B: new items 60-72 (27 min.). | ||
| 650 | 9 | _aJęzyk angielski | |
| 650 | 9 |
_aPrasa (wydawnictwa) _xjęzyk |
|
| 650 | 9 |
_aPublicystyka _xsłownictwo |
|
| 650 | 9 |
_aTelewizja _xjęzyk |
|
| 655 | _aPodręczniki | ||
| 700 | 1 | _aOTTO, Marcin | |
| 700 | 1 |
_aANDERSON, John M. _d(1941- ). |
|
| 700 | 1 | _aKUKIELLO, Yvonne | |
| 700 | 1 | _aLEE, Steve | |
| 040 | _cBPK | ||
| 041 | 0 | _aeng | |
| 080 | _a811.111(07):659.3](086.742) | ||
| 942 | _cTM | ||
| 008 | s pl f |000 0 pol | ||
| 999 |
_c35273 _d35273 |
||
| 856 |
_uhttp://koha.tu.koszalin.pl/cgi-bin/koha/opac-detail.pl?biblionumber=35273 _yKatalog online BPK |
||